000 00400nam a2200169Ia 4500
008 231217s9999 xx 000 0 und d
020 _a0-7513-0632-0
041 _aEnglish
082 _a658.3 HEL;1 R
100 _aHeller, Robert
245 0 _aHow to delegate
260 _c1998
_bDarling Kindersley
_aLondon
300 _a72
500 _a2012 Missing
650 _adelegate
942 _cAA
999 _c177153
_d177153